000 00334nam a2200133Ia 4500
005 20260328104249.0
008 260328s9999||||xx |||||||||||||| ||und||
100 _aCucco, Vanessa
245 0 _aDiccionario del Mueble /
_cVanessa Cucco
260 _bLibsa
300 _a287 p.
650 _aDICCIONARIOS - ENCICLOPEDIAS
942 _cBK
999 _c10194
_d10194